000 00610nam a2200193Ia 4500
008 140527s9999 xx 000 0 und d
020 _a9780205900725
050 _aHD 2755.5
_b.F48 2013
100 _aFerraro, Gary P.
245 4 _aThe cultural dimension of global business /
_cGary P. Ferraro, Elizabeth K. Briody
250 _a7th ed.
260 _aBoston :
_bPearson,
_cc2013.
300 _a292 p. :
_bill. ;
_c23 cm.
500 _aIncludes bibliographical references and index.
521 _aBSBA
650 _aTechnical assistance
_xAnthropological aspects.
942 _kFOR
_cBK
999 _c117487
_d117487